Vindicación de Cuba
Збережено в:
| Співавтор: | |
|---|---|
| Формат: | Текст |
| Опубліковано: |
La Habana:
Editora Política
|
| Теги: |
Додати тег
Немає тегів, Будьте першим, хто поставить тег для цього запису!
|
MARC
| LEADER | 00000 a a2200000 04500 | ||
|---|---|---|---|
| 001 | 23127 | ||
| 003 | |||
| 040 | |||
| 090 | |a 159600 | ||
| 110 | |a Editora Política | ||
| 245 | |a Vindicación de Cuba | ||
| 260 | |a La Habana: |b Editora Política | ||
| 300 | |a 447 p. | ||
| 999 | |c 10390 |d 10390 | ||
